|
|
|
|
| LEADER |
00000nam a2200000 a 4500 |
| 001 |
UCX2758 |
| 003 |
CL-VaPUC |
| 008 |
910808e19890000SP |||||||||||||||||spa|d |
| 082 |
0 |
4 |
|a 911
|b DUB
|2 21
|
| 100 |
0 |
|
|a Duby, Georges
|e author
|9 318834
|
| 245 |
1 |
0 |
|a Atlas histórico mundial
|
| 300 |
|
|
|a 315 p
|
| 942 |
|
|
|c BK
|
| 945 |
|
|
|d 19910808 00:00:00
|
| 260 |
|
|
|a Madrid
|b Debate
|c 1989
|
| 650 |
|
0 |
|a Geografía
|9 259346
|
| 650 |
|
0 |
|a Historia
|9 255047
|
| 650 |
|
0 |
|a Mapas
|9 260844
|
| 583 |
|
|
|a last modification
|c 19910808 00:00:00
|k Rodrigo Vera
|
| 999 |
|
|
|c 223706
|d 223704
|
| 952 |
|
|
|0 0
|1 0
|4 0
|6 911_000000000000000_DUB_1989
|7 0
|8 X
|9 219743
|a BIBHIS
|b BIBHIS
|d 2019-11-15
|i 2884461
|l 2
|o 911 DUB 1989
|p 2884461
|r 2024-01-30
|s 2023-11-15
|w 2019-11-15
|y BK_X
|k HIS
|
| 952 |
|
|
|0 0
|1 0
|4 0
|6 911_000000000000000_DUB_1989
|7 0
|8 X
|9 219744
|a BIBEDU
|b BIBEDU
|d 2019-11-15
|i 3163849
|o 911 DUB 1989
|p 3163849
|r 2023-01-13
|w 2019-11-15
|y BK_X
|k EDU
|